5HLuxD.jpg

KING HENRY VIII SENIOR AND PRIMARY SCHOOL LIBRARY OPAC

Green city : (Record no. 1530)

000 -LEADER
fixed length control field 01397cam a2200337 a 4500
001 - CONTROL NUMBER
control field 598242
003 - CONTROL NUMBER IDENTIFIER
control field OSt
005 - DATE AND TIME OF LATEST TRANSACTION
control field 20230112074828.0
008 - FIXED-LENGTH DATA ELEMENTS--GENERAL INFORMATION
fixed length control field 150730s2016 nyua j b 000 0 eng d
010 ## - LIBRARY OF CONGRESS CONTROL NUMBER
LC control number 2015018065
020 ## - INTERNATIONAL STANDARD BOOK NUMBER
International Standard Book Number 9780374379995 :
Terms of availability (hbk.)
035 ## - SYSTEM CONTROL NUMBER
System control number (OCoLC)921420927
Canceled/invalid control number (OCoLC)904082031
040 ## - CATALOGING SOURCE
Original cataloging agency DLC
Language of cataloging eng
Transcribing agency DLC
Modifying agency OCLCO
-- OCLCQ
-- OCLCO
-- YDXCP
-- BDX
-- BTCTA
-- OCLCQ
-- BKL
-- OCLCO
-- NYP
-- SO$
-- TMUE
Description conventions aacr
-- KH8
042 ## - AUTHENTICATION CODE
Authentication code nbic
082 0# - DEWEY DECIMAL CLASSIFICATION NUMBER
Classification number 640.286 DRU
100 1# - MAIN ENTRY--PERSONAL NAME
Personal name Drummond, Allan.
Relator term author
245 10 - TITLE STATEMENT
Title Green city :
Remainder of title how one community survived a tornado and rebuilt for a sustainable future /
Statement of responsibility, etc. Allan Drummond.
250 ## - EDITION STATEMENT
Edition statement First edition.
260 ## - PUBLICATION, DISTRIBUTION, ETC.
Place of publication, distribution, etc. New York :
Name of publisher, distributor, etc. Farrar Straus Giroux,
Date of publication, distribution, etc. 2016.
300 ## - PHYSICAL DESCRIPTION
Extent 1 v. (unpaged) :
Other physical details col. ill. ;
Dimensions 26 cm.
490 1# - SERIES STATEMENT
Series statement Frances Foster books.
504 ## - BIBLIOGRAPHY, ETC. NOTE
Bibliography, etc. note Includes bibliographical references.
520 ## - SUMMARY, ETC.
Summary, etc. "The story of Greensburg, Kansas, a town that rebuilt completely green after a deadly tornado"--
Assigning source Provided by publisher.
650 #0 - SUBJECT ADDED ENTRY--TOPICAL TERM
Topical term or geographic name entry element Sustainability
Geographic subdivision Kansas
-- Greensburg
Form subdivision Juvenile literature.
650 #0 - SUBJECT ADDED ENTRY--TOPICAL TERM
Topical term or geographic name entry element Sustainable living
Geographic subdivision Kansas
-- Greensburg
Form subdivision Juvenile literature.
650 #0 - SUBJECT ADDED ENTRY--TOPICAL TERM
Topical term or geographic name entry element Green movement
Geographic subdivision Kansas
-- Greensburg
Form subdivision Juvenile literature.
650 #0 - SUBJECT ADDED ENTRY--TOPICAL TERM
Topical term or geographic name entry element Tornadoes
Geographic subdivision Kansas
-- Greensburg
Form subdivision Juvenile literature.
651 #0 - SUBJECT ADDED ENTRY--GEOGRAPHIC NAME
Geographic name Greensburg (Kan.)
Form subdivision Juvenile literature.
830 #0 - SERIES ADDED ENTRY--UNIFORM TITLE
Uniform title Frances Foster book.
942 ## - ADDED ENTRY ELEMENTS (KOHA)
Source of classification or shelving scheme
Koha item type Books - Non Ficton
Holdings
Withdrawn status Lost status Source of classification or shelving scheme Damaged status Not for loan Collection code Permanent Location Current Location Shelving location Date acquired Total Checkouts Full call number Barcode Date last seen Date last checked out Price effective from Koha item type
          Non-Fiction KH8 Primary School Library KH8 Primary School Library Non Fiction 2023-01-12 12 640.286 DRU KHPL000003294 2025-12-05 2025-02-26 2023-01-12 Books - Non Ficton

Powered By KH8 IT Dept